Soldier's Creed - Statistics

General Stats
  • This quiz has been taken 191 times
  • The average score is 8 of 13
Answer Stats
Answer % Correct
I am an American Soldier.
100%
I am a warrior and a member of a team.
87%
I serve the people of the United States, and live the Army Values.
74%
I will always place the mission first.
70%
I will never accept defeat.
70%
I will never leave a fallen comrade.
70%
I will never quit.
70%
I am a guardian of freedom and the American way of life.
48%
I am an American Soldier.
48%
I am disciplined, physically and mentally tough, trained and proficient in my warrior tasks and drills.
48%
I am an expert and I am a professional.
43%
I stand ready to deploy, engage, and destroy, the enemies of the United States of America in close combat.
43%
I always maintain my arms, my equipment and myself.
39%
No matching quizzes found
Score Distribution
Percent of People with Each Score
Percentile by Number Answered
Your Score History
You have not taken this quiz